Silk Dyeing Printing and Finishing (Record no. 2536)
[ view plain ]
| 000 -LEADER | |
|---|---|
| fixed length control field | 00358nam a2200145Ia 4500 |
| 008 - FIXED-LENGTH DATA ELEMENTS--GENERAL INFORMATION | |
| fixed length control field | 191201s2004 xx 000 0 und d |
| 082 ## - DEWEY DECIMAL CLASSIFICATION NUMBER | |
| Classification number | 677.84 |
| Item number | HUS |
| 100 ## - MAIN ENTRY--PERSONAL NAME | |
| Personal name | HURST, GH |
| 245 #0 - TITLE STATEMENT | |
| Title | Silk Dyeing Printing and Finishing |
| 250 ## - EDITION STATEMENT | |
| Edition statement | 1st |
| 260 ## - PUBLICATION, DISTRIBUTION, ETC. (IMPRINT) | |
| Place of publication, distribution, etc | Chandigarh |
| Name of publisher, distributor, etc | Abhishek Publications |
| Date of publication, distribution, etc | 2004 |
| 300 ## - PHYSICAL DESCRIPTION | |
| Extent | 226 |
| 650 ## - SUBJECT ADDED ENTRY--TOPICAL TERM | |
| Topical term or geographic name as entry element | B.Tech(TE) |
| 942 ## - ADDED ENTRY ELEMENTS (KOHA) | |
| Source of classification or shelving scheme | Dewey Decimal Classification |
| Koha item type | Text Books |
| Withdrawn status | Lost status | Source of classification or shelving scheme | Damaged status | Not for loan | Collection code | Home library | Current library | Date acquired | Source of acquisition | Cost, normal purchase price | Bill Number | Total Checkouts | Full call number | Acc. no. / Barcode | Date last seen | Bill Date | Koha item type |
|---|---|---|---|---|---|---|---|---|---|---|---|---|---|---|---|---|---|
| Dewey Decimal Classification | B.Tech(TE) | PIET C-LIBRARY | PIET C-LIBRARY | 17/01/2007 | Abhishek Publications | 500.00 | 7984 | 677.84 HUS | 5337 | 04/12/2019 | 09/02/2006 | Text Books | |||||
| Dewey Decimal Classification | B.Tech(TE) | PIET C-LIBRARY | PIET C-LIBRARY | 17/01/2007 | Abhishek Publications | 500.00 | 7984 | 677.84 HUS | 5338 | 04/12/2019 | 09/02/2006 | Text Books | |||||
| Dewey Decimal Classification | B.Tech(TE) | PIET C-LIBRARY | PIET C-LIBRARY | 31/03/2008 | Technical Book | 450.00 | TBS/4006 | 677.84 HUS | 8816 | 04/12/2019 | 11/03/2008 | Text Books | |||||
| Dewey Decimal Classification | B.Tech(TE) | PIET C-LIBRARY | PIET C-LIBRARY | 31/03/2008 | Technical Book | 450.00 | TBS/4006 | 677.84 HUS | 8817 | 04/12/2019 | 11/03/2008 | Text Books | |||||
| Dewey Decimal Classification | B.Tech(TE) | PIET C-LIBRARY | PIET C-LIBRARY | 31/03/2008 | Technical Book | 450.00 | TBS/4006 | 677.84 HUS | 8818 | 04/12/2019 | 11/03/2008 | Text Books | |||||
| Dewey Decimal Classification | B.Tech(TE) | PIET C-LIBRARY | PIET C-LIBRARY | 31/03/2008 | Technical Book | 450.00 | TBS/4006 | 677.84 HUS | 8819 | 04/12/2019 | 11/03/2008 | Text Books | |||||
| Dewey Decimal Classification | B.Tech(TE) | PIET C-LIBRARY | PIET C-LIBRARY | 31/03/2008 | Technical Book | 450.00 | TBS/4006 | 677.84 HUS | 8820 | 04/12/2019 | 11/03/2008 | Text Books |